Preferenční obchodní dohody jako řešení problematiky malé velikosti rozvojové ekonomiky

Problematika malej ekonomiky a industrializácie. Prípady malých ekonomík v subsaharskej Afrike.

Enregistré dans:
Détails bibliographiques
Auteur principal: Sejkora, Jiří
Autres auteurs: Fialová, Barbora
Format: Chapitre de livre
Langue:tchèque
Sujets:
Tags: Ajouter un tag
Pas de tags, Soyez le premier à ajouter un tag!

MARC

LEADER 00000naa a2200000 4500
001 0216424
005 20220713131232.9
041 0 |a cze 
044 |a CZ 
245 1 0 |a Preferenční obchodní dohody jako řešení problematiky malé velikosti rozvojové ekonomiky  |c Jiří Sejkora, Barbora Fialová 
520 |a Problematika malej ekonomiky a industrializácie. Prípady malých ekonomík v subsaharskej Afrike. 
610 2 0 |a Subsahara 
610 2 0 |a industrializácia 
610 2 0 |a krajiny rozvojové 
610 2 0 |a obchod medzinárodný 
610 2 0 |a zmeny štruktúrne 
610 2 0 |a dohody obchodné 
100 1 |a Sejkora, Jiří 
700 1 |a Fialová, Barbora